000 00790nam a2200241 i 4500
003 DO-SdBNP
005 20240619143239.0
007 ta
008 240619s2018 dr 000 j spa d
040 _aDO-SdBNP
_bspa
_cBNPHU
_erda
082 _bM665
_222
245 0 0 _aUn ministerio sano y confiable :
_borientaciones, normas y procedimientos para la protección de menores de edad y personas vulnerables /
250 _a2a. edición
264 1 _aSanto Domingo :
_b[Compañía de Jesús],
_c2018.
300 _a34 páginas,
_c22 cm.
336 _2rdacontent
_atexto
_btxt
337 _2rdamedia
_asin mediación
_bn
338 _2rdacarrier
_avolumen
_bnc
500 _aPara uso interno de los jesuitas.
590 _aInventariado, 2024/ YL
910 _aYLockward
942 _2ddc
_cLF2
999 _c56900
_d56900